| 000 | 01517nam a2200253Ia 4500 | ||
|---|---|---|---|
| 999 |
_c51092 _d51092 |
||
| 001 | 18049 | ||
| 003 | GE_BSU | ||
| 005 | 20200521212124.0 | ||
| 008 | 181216s1974||||ge |||||||||||||| ||geo|| | ||
| 040 | _cGE_BSU | ||
| 041 | _ageo | ||
| 080 | _a811.353.1'01'373.22+59 ქ-42 | ||
| 100 |
_aქერქაძე, ირინე. _98157 |
||
| 245 |
_aცხოველების აღმნიშვნელი ლექსიკა ძველ ქართულში სხვა ქართველურ ენების მონაცემებთან შედარებით / _cირინე ქერქაძე ; რედ. მ. ჭაბაშვილი ; მხ. გ. ნადირაძე. |
||
| 264 |
_aთბილისი : _bმეცნიერება, _c1974. |
||
| 300 |
_a281 გვ. ; _c23 სმ. |
||
| 500 | _aსაძიებელი გვ. 237-265 | ||
| 504 | _aბიბლიოგრაფია გვ. 214-278 | ||
| 653 | _aქართველური ენების ლექსიკა | ||
| 653 | _aცხოველების აღმნიშვნელი ლექსიკა ძველ ქართულში სხვა ქართველურ ენების მონაცემებთან შედარებით | ||
| 700 |
_aჭაბაშვილი, მ. _eრედაქტორი _98021 |
||
| 700 |
_aნადირაძე, გ. _eმხატვარი _98158 |
||
| 942 |
_cBK _2udc |
||